000
00318 a2200145 4500
001
61565
020
_a
040
_c
Anchieta - Pituba
240
1
0
_a
Mata atlântica
_l
por
245
1
0
_a
Mata atlântica
300
_a
37
362
0
_a
2000
650
4
_a
BIOLOGIA, CIÊNICAS DA VIDA (CIÊNCIAS NATURAIS)
942
_c
BK
999
_c
61565
_d
61565